La Mujer en la universidad: caso centroamericano /

Enfatiza en la participación de las mujeres en las universidades estatales centroamerianas se trata de conocer la verdadera participación de las mujeres en las distintas universidades de la región, luego se intenta conocer si lo que influye en la escogencia de una determinada carrera universitaria s...

Ausführliche Beschreibung

Gespeichert in:
Bibliographische Detailangaben
1. Verfasser: Delgadillo Solano, Ligia María
Weitere Verfasser: comp
Format: Unbekannt
Veröffentlicht: San José: Editorial Guayacán Centroamericana
Schlagworte:
Tags: Tag hinzufügen
Keine Tags, Fügen Sie den ersten Tag hinzu!

MARC

LEADER 00000 a2200000 04500
001 6580
003
008 991231s d
040
090 |a 125401  
100 |a Delgadillo Solano, Ligia María  
245 |a La Mujer en la universidad: caso centroamericano /  |c Ligia María Delgadillo Solano  
260 |a San José:   |b Editorial Guayacán Centroamericana  
300 |a 177 p  
520 |a Enfatiza en la participación de las mujeres en las universidades estatales centroamerianas se trata de conocer la verdadera participación de las mujeres en las distintas universidades de la región, luego se intenta conocer si lo que influye en la escogencia de una determinada carrera universitaria son razones socioeconómicas, vocacionales o si tiene una relación estrecha con la pertenencia a uno u otro sexo, o sea conocer la influencia que puede tener la dimensión de género en la selección de la carrera. Se presenta importantes datos de los Departamentos de Registro y Estadísticas de las universidades que permitieron ubicar a mujeres y hombres numéricamente en las diferentes carreras universitarias. Se trata de determinar las condiciones reales de inserción y participación de la mujer en las universidades estatales centroamericanas, durante el período de 1982-1987, comparadas con los hombres. La información es complementada con datos estadísticos, los cuales son fundamentales para entender de mejor forma la diferencia entre ambos sexos. OB/LOB  
650 |a PARTICIPACION DE LA MUJER  
650 |a ROL DE LA MUJER  
650 |a STATUS DE LA MUJER  
650 |a EDUCACION DE LA MUJER  
650 |a DERECHOS DE LA MUJER  
650 |a DISCRIMINACION BASADA EN EL SEXO  
650 |a UNIVERSIDADES  
650 |a TITULOS UNIVERSITARIOS  
700 |a comp  
999 |c 14817  |d 14817